Music Quiz

Random Music or Billboard Quiz

Elvis #1's Quiz Stats

 Plays Quiz Updated Jun 22, 2017

     
Support Sporcle.
Go Orange.
Score 0/18 Timer 04:00
3 Plays Today
% Correct
Jailhouse Rock
83.8%
Hound Dog
78.6%
Love Me Tender
65.2%
Heartbreak Hotel
64.8%
Suspicious Minds
48.9%
Don't
46.6%
All Shook Up
41.8%
Don't Be Cruel
40%
(Let Me Be Your) Teddy Bear
38.9%
% Correct
Are You Lonesome Tonight?
29.2%
It's Now or Never
25.7%
Too Much
18.3%
Stuck on You
17.7%
Surrender
17.4%
Hard Headed Woman
16.2%
Good Luck Charm
13.7%
A Big Hunk O' Love
12.1%
I Want You, I Need You, I Love You
11.5%

From the Vault

Sports Sorting Gallery

by Slinenfest

Sports 5m
Sort and sport are only one letter apart. Coincidence? I think not!
Remove Ads.
Support Sporcle.
Get the best of Sporcle when you Go Orange. This ad-free experience offers more features, more stats, and more fun while also helping to support Sporcle. Thank you for becoming a member.

Show Comments

Extras

Top Quizzes Today


Score Distribution

Your Account Isn't Verified!

In order to create a playlist on Sporcle, you need to verify the email address you used during registration. Go to your Sporcle Settings to finish the process.

Report this User

Report this user for behavior that violates our Community Guidelines.

Details: